000 00346nam a2200133Ia 4500
008 240624s9999 xx 000 0 und d
041 _aeng
082 _a332.024 MIL
100 _aMILEVSKY MOSHE A
245 _a7 MOST IMPORTANT EQUATIONS FOR YOUR RETIREMENT
260 _c2012
_aCanada
_bJohn Wiley & Sons
300 _a224 : p.
365 _c
_b30
999 _c19295
_d19295